000 008760am a2200241 004500
003 EG-GiCUC
008 061022s1970 le f 000 0 ara d
040 _aEG-GiCUC
_bara
_cEG-GiCUC
050 4 _aPJ6171.
_bH3 1970
092 0 4 _a416
_bH253 1970
_221
099 _a04
_a416 H253 1970
100 1 _aحقى : ممدوح
245 1 2 _aالعروض الواضح :
_bللمدرسين والطلاب فى المدارس الثانوية والعالية /
_cممدوح حقى
250 _aط14
260 _aبيروت :
_bدار مكتبة الحياة :
_c1970
300 _a208ص ؛
_c24سم
504 _aيشتمل على ارجاعات ببليوجرافية (ص202-204)
650 7 _aاللغة العربية
_xالعروض والقوافى
_2qrmak
902 _a1
905 _aابراهيم
_eمدخل
905 _aايمان ع
_eمراجع
942 _2ddc
_cBK
999 _c87868
_d87868